Państwa w podanych językach - Statystyki

Ogólne statystyki
  • Ten quiz został rozwiązany 36 razy
  • Średni wynik to 16 z 36
Statystyki odpowiedzi
Język Nazwa Państwo % Poprawnych
Niemiecki Polen Polska
97%
Angielski Poland Polska
94%
Angielski Japan Japonia
88%
Niemiecki Japan Japonia
88%
Angielski Haiti Haiti
82%
Hiszpański Haiti Haiti
82%
Niemiecki Haiti Haiti
82%
Angielski Brazil Brazylia
79%
Angielski Portugal Portugalia
79%
Hiszpański Portugal Portugalia
79%
Niemiecki Portugal Portugalia
79%
Angielski United Kingdom / Great Britain Wielka Brytania
79%
Angielski Zimbabwe Zimbabwe
79%
Angielski Egypt Egipt
76%
Hiszpański Polonia Polska
76%
Angielski Turkiye Turcja
76%
Hiszpański Brasil Brazylia
68%
Rosyjski Polsha Polska
56%
Hiszpański Japon Japonia
41%
Hiszpański Egipto Egipt
21%
Niemiecki Brasilien Brazylia
12%
Rosyjski Gaiti Haiti
9%
Niemiecki Simbabwe Zimbabwe
9%
Hiszpański Zimbabue Zimbabwe
9%
Niemiecki Agypten Egipt
6%
Rosyjski Braziliya Brazylia
6%
Hiszpański Gran Bretana Wielka Brytania
6%
Niemiecki Grosbritannien Wielka Brytania
6%
Niemiecki Turkei Turcja
6%
Rosyjski Yaponiya Japonia
6%
Rosyjski Zimbabve Zimbabwe
6%
Rosyjski Portugaliya Portugalia
3%
Hiszpański Turquia Turcja
3%
Rosyjski Turtsiya Turcja
3%
Rosyjski Velikobritaniya Wielka Brytania
3%
Rosyjski Yegipet Egipt
3%
Nie znaleziono quizów pasujących do podanych kryteriów
Rozkład punktacji
Procent ludzi z każdym wynikiem
Percentyl według liczby udzielonych odpowiedzi
Twoja historia wyników
Nie rozwiązałeś tego quizu